| 000 | 00392nam a22001457a 4500 | ||
|---|---|---|---|
| 005 | 20200523144531.0 | ||
| 008 | 200523b xxu||||| |||| 00| 0 eng d | ||
| 082 | _a340 | ||
| 110 |
_aThe All India ReporterLtd. _95743 |
||
| 245 | _aThe All India Reporter 1963 (VOL-50) ASSAM Section | ||
| 260 |
_aBOMBAY _bThe All India Reporter Ltd. |
||
| 300 | _a664p. | ||
| 650 |
_aLAW _95701 |
||
| 942 | _cJRL | ||
| 999 |
_c6454 _d6452 |
||